[Event "Barcelona Sant Marti op 11th"]
[Site "Barcelona"]
[Date "2024.01.18"]
[Round "2"]
[White "Munoz Igual, Xavier"]
[Black "Hidalgo Garcia, Francesc X"]
[Result "1-0"]
[WhiteElo "2035"]
[BlackElo "1729"]
[PlyCount "87"]
[EventDate "2024.01.11"]
[EventType "swiss"]
[EventRounds "9"]
[EventCountry "ESP"]
[SourceTitle "CB11_2024"]
[SourceDate "2024.03.13"]
[SourceVersion "1"]
[SourceVersionDate "2024.03.13"]
[SourceQuality "1"]

1. d4 d5 2. c4 e6 3. Nc3 h6 4. cxd5 exd5 5. Bf4 c6 6. e3 Bd6 7. Bxd6 Qxd6 8. Bd3 Nf6 9. Nf3 Be6 10. Ne5 Nfd7 11. f4 Nxe5 12. dxe5 Qe7 13. 0-0 f5 14. exf6 Qxf6 15. e4 0-0 16. e5 Qe7 17. f5 Nd7 18. Qe2 Bxf5 19. Bxf5 Nxe5 20. Rae1 Rae8 21. Bb1 Rxf1+ 22. Rxf1 Qg5 23. Qf2 b6 24. Qf5 Qxf5 25. Bxf5 g6 26. Bc2 Kg7 27. Nd1 c5 28. Ne3 d4 29. Nd5 d3 30. Ba4 Rd8 31. Nc7 Rc8 32. Ne6+ Kh7 33. Re1 Nc4 34. Nf4 h5 35. Nxd3 Rf8 36. Re7+ Kh6 37. Ne5 Nxb2 38. Bc2 c4 39. Bxg6 Nd1 40. Rh7+ Kg5 41. Rxh5+ Kf4 42. g3+ Ke3 43. Nxc4+ Ke2 44. Re5+ 1-0

[Event "Barcelona Sant Marti op 10th"]
[Site "Barcelona"]
[Date "2023.01.19"]
[Round "2"]
[White "Navarro Garcia, Alberto"]
[Black "Hidalgo Garcia, Francesc X"]
[Result "0-1"]
[WhiteElo "1498"]
[BlackElo "1682"]
[PlyCount "66"]
[EventDate "2023.01.12"]
[EventType "swiss"]
[EventRounds "9"]
[EventCountry "ESP"]
[SourceTitle "CBM 213 Extra"]
[Source "ChessBase"]
[SourceDate "2023.05.31"]
[SourceVersion "1"]
[SourceVersionDate "2023.05.31"]
[SourceQuality "1"]

1. e4 c5 2. c3 d6 3. d4 cxd4 4. cxd4 Nf6 5. Nc3 a6 6. f4 Nc6 7. Nf3 b5 8. a3 Bg4 9. Be2 d5 10. e5 Ne4 11. Be3 e6 12. Nxe4 dxe4 13. Qc2 Rc8 14. Qxe4 Bf5 15. Qxf5 exf5 16. 0-0 Ne7 17. Bd3 Nd5 18. Bd2 g6 19. Rfe1 Bh6 20. g3 0-0 21. h4 Re8 22. Kh2 f6 23. Re2 fxe5 24. Rae1 e4 25. Bb1 exf3 26. Rxe8+ Qxe8 27. Rxe8+ Rxe8 28. Bd3 Bg7 29. a4 bxa4 30. Bc4 Re2+ 31. Bxe2 fxe2 32. Kg2 Bxd4 33. Kf3 Bxb2 0-1

[Event "El Prat de Llobregat op 3rd"]
[Site "El Prat de Llobregat"]
[Date "2022.10.14"]
[Round "3"]
[White "Hidalgo Garcia, Francesc X"]
[Black "Ramon Quintanilla, Pablo"]
[Result "0-1"]
[WhiteElo "1753"]
[BlackElo "1427"]
[PlyCount "72"]
[EventDate "2022.09.30"]
[EventType "swiss"]
[EventRounds "9"]
[EventCountry "ESP"]
[SourceTitle "EXT 2024"]
[Source "ChessBase"]
[SourceDate "2023.10.10"]
[SourceVersion "1"]
[SourceVersionDate "2023.10.10"]
[SourceQuality "1"]

1. d4 d5 2. c4 c6 3. cxd5 cxd5 4. Nc3 Nf6 5. Bf4 a6 6. e3 Nc6 7. Bd3 e6 8. Rc1 h6 9. a3 Bd6 10. Bxd6 Qxd6 11. f4 0-0 12. Nf3 Bd7 13. b4 Ne7 14. Ne5 Nf5 15. Bxf5 exf5 16. Nxd7 Qxd7 17. 0-0 Rfe8 18. Qf3 Rad8 19. Rfe1 Ne4 20. Nxe4 fxe4 21. Qh5 Qa4 22. Rc7 Rd7 23. Rec1 Qxa3 24. R1c3 Qa4 25. Rc8 Red8 26. Qf5 Qb5 27. R3c7 f6 28. Qg6 Rf8 29. Rxf8+ Kxf8 30. Rc8+ Ke7 31. Qxg7+ Ke6 32. Re8+ Kd6 33. Qxf6+ Kc7 34. Qe5+ Kb6 35. Re6+ Ka7 36. Re8 Qxb4 0-1